00889nam a22002537a 450000500170000001000130001702000230003003500130005303700160006604000120008208200150009411000400010924500340014925000120018326000460019527000480024130000250028950000510031465000390036565000400040494200240044499900190046895201480048720170124110250.0 aA-817103 c325.00a8120310101 aA-817103 bCen Lib/Ret aDPLbEN a070.5bCHI aUniversity of Chicago. Press998719 aThe Chicago manual of style / a14th ed aNew Delhi bPrentice Hall of India c1993 bNew Delhi aM-97, Connaught circus e110001 aix, 921p. c22cm(Hb) aIncludes bibliographical references and index  aPrinting -- Style manuals. 998720 aAuthorship -- Style manuals.998721 2ddccENh070.5mCHI c135841d135841 04104070aLbLd2015-10-08eCen Lib/Retg325.00l0o070.5 CHIpA-817103r2015-10-08 00:00:00t1v325.00w2015-10-08yENzW/d list no. 6806/20